000 00420pab a2200157 454500
008 180718b2008 xxu||||| |||| 00| 0 eng d
100 _aWright, Joseph
245 _aPolitical competition and democratic stability in new democracies
260 _c2008
300 _ap.221-45.
362 _aApr
650 _aPolitics and government
773 _aBritish Journal of Political Science
908 _aN
909 _a79329
999 _c79329
_d79329